Na Slovensku po slovensky
Finančná kríza a jej vplyvy v rokoch 2007-2009 poukazujú na to, že ide súčasne aj o krízu morálky. Aké ponaučenia možno odvodiť pre najbližšie generácie.
Gespeichert in:
| 1. Verfasser: | |
|---|---|
| Format: | Buchkapitel |
| Sprache: | Slowakisch |
| Schlagworte: | |
| Tags: |
Keine Tags, Fügen Sie das erste Tag hinzu!
|
MARC
| LEADER | 00000naa$a2200000$$$4500 | ||
|---|---|---|---|
| 001 | 0103494 | ||
| 005 | 20240502072127.2 | ||
| 041 | 0 | |a slo | |
| 044 | |a SK | ||
| 245 | 1 | 0 | |a Na Slovensku po slovensky |c Peter Markovič |
| 520 | |a Finančná kríza a jej vplyvy v rokoch 2007-2009 poukazujú na to, že ide súčasne aj o krízu morálky. Aké ponaučenia možno odvodiť pre najbližšie generácie. | ||
| 610 | 2 | 0 | |a kríza finančná |
| 610 | 2 | 0 | |a kríza hospodárska |
| 610 | 2 | 0 | |a škody |
| 610 | 2 | 0 | |a situácia hospodárska |
| 610 | 2 | 0 | |a morálka |
| 610 | 2 | 0 | |a bohatstvo |
| 610 | 2 | 0 | |a štát |
| 610 | 2 | 0 | |a regulácia štátna |
| 100 | 1 | |a Markovič, Peter, 1974- | |